00285nam a22001097a 4500008004100000020001700041041000800058080000700066100000700073101000800080245008700088180216b xxu||||| |||| 00| 0 eng d a078073050109 aeng a37 a48 aedu awasy wrting lessons that get kids ready fro wtiitng assessments cmary.r